| 000 | 00681nam a2200229 i 4500 | ||
|---|---|---|---|
| 001 | 88838 | ||
| 003 | ES-MaACL | ||
| 005 | 20230906175940.0 | ||
| 007 | t| | ||
| 008 | 041222s1990 sp |||| | spa d | ||
| 020 | _a84-339-3199-7 | ||
| 080 | _a821.131.1-31"19" | ||
| 100 | 1 |
_aCalasso, Roberto. _933532 |
|
| 245 | 1 | 4 |
_aLas bodas de Cadmo y Harmonía / _cRoberto Calasso ; traducción de Joaquín Jordá. |
| 260 |
_aBarcelona : _bAnagrama, _c[1990] |
||
| 300 |
_a372 p. ; _c22 cm. |
||
| 490 | 1 |
_aPanorama de narrativas ; _v199 |
|
| 700 | 1 |
_aJordá, Joaquín. _966895 |
|
| 830 | 0 | 0 |
_aPanorama de narrativas _v199 _9123642 |
| 852 |
_aES-MaACL _jE-10679 |
||
| 999 |
_c88838 _d88838 |
||